[Event "GER-ch U14"]
[Site "Oberhof"]
[Date "2012.06.01"]
[Round "8"]
[White "Mueller, Constantin"]
[Black "Berkov, Mikhail"]
[Result "1-0"]
[WhiteElo "2012"]
[BlackElo "1713"]
[PlyCount "117"]
[EventDate "2012.05.27"]
[EventType "swiss"]
[EventRounds "9"]
[EventCountry "GER"]
[SourceTitle "CBM 148 Extra"]
[Source "ChessBase"]
[SourceDate "2012.06.22"]
[SourceVersion "1"]
[SourceVersionDate "2012.06.22"]
[SourceQuality "1"]

1. d4 Nf6 2. c4 g6 3. Nf3 Bg7 4. Nc3 d5 5. e3 c6 6. Qb3 0-0 7. Bd2 a5 8. Rc1 dxc4 9. Bxc4 b5 10. Be2 Be6 11. Qc2 Qb6 12. 0-0 Na6 13. b3 Nb4 14. Qb1 Nbd5 15. Ne5 Rfc8 16. Nxd5 Bxd5 17. Bd3 c5 18. dxc5 Rxc5 19. Bc3 Rxc3 20. Rxc3 Ng4 21. Nxg4 Bxc3 22. Rc1 b4 23. Be4 Rd8 24. h3 Be6 25. Nh2 Rd2 26. Rc2 f5 27. Rxd2 Bxd2 28. Qd3 Bc3 29. Bd5 Kg7 30. Bxe6 Qxe6 31. Nf3 a4 32. Qc2 axb3 33. Qxb3 Qxb3 34. axb3 e5 35. e4 f4 36. Kf1 Kf6 37. Ke2 g5 38. g4 fxg3 39. fxg3 h5 40. g4 hxg4 41. hxg4 Kg6 42. Kd3 Kf6 43. Kc4 Kg6 44. Kd5 Kf6 45. Kd6 Bb2 46. Ne1 Bc3 47. Nd3 Bd2 48. Kc5 Ke6 49. Nxb4 Be3+ 50. Kc6 Bd2 51. Nd5 Be1 52. b4 Bf2 53. b5 Ba7 54. b6 Bb8 55. b7 Kf7 56. Nb6 Ke7 57. Nd7 Bd6 58. b8Q Bxb8 59. Nxb8 1-0

[Event "GER-ch U14"]
[Site "Oberhof"]
[Date "2011.06.17"]
[Round "8"]
[White "Berkov, Mikhail"]
[Black "Xiong, Ferdinand"]
[Result "0-1"]
[WhiteElo "1782"]
[BlackElo "1926"]
[PlyCount "70"]
[EventDate "2011.06.11"]
[EventType "swiss"]
[EventRounds "9"]
[EventCountry "GER"]
[SourceTitle "CBM 142 Extra"]
[Source "ChessBase"]
[SourceDate "2011.06.27"]
[SourceVersion "1"]
[SourceVersionDate "2011.06.27"]
[SourceQuality "1"]

1. d4 Nf6 2. Nf3 g6 3. Bg5 Bg7 4. e3 c5 5. Nbd2 0-0 6. c3 b6 7. Be2 Bb7 8. 0-0 d6 9. Rc1 Nbd7 10. h3 Rc8 11. Nh2 Re8 12. Bf3 Qc7 13. Bxb7 Qxb7 14. Qf3 Qd5 15. Qxd5 Nxd5 16. a3 h6 17. Bh4 c4 18. e4 Nf4 19. Rcd1 b5 20. Nhf3 Nb6 21. Ne1 Na4 22. Rb1 a5 23. f3 b4 24. axb4 axb4 25. g3 Ne6 26. d5 bxc3 27. bxc3 Nec5 28. g4 Nxc3 29. Rb4 g5 30. Bf2 Ne2+ 31. Kh1 Bc3 32. Rxc4 Bxd2 33. Rc2 Bxe1 34. Rxe1 Nf4 35. e5 Ncd3 0-1

[Event "GER-ch U14"]
[Site "Oberhof"]
[Date "2011.06.15"]
[Round "6"]
[White "Berkov, Mikhail"]
[Black "Ott, Florian"]
[Result "1/2-1/2"]
[WhiteElo "1782"]
[BlackElo "1863"]
[PlyCount "57"]
[EventDate "2011.06.11"]
[EventType "swiss"]
[EventRounds "9"]
[EventCountry "GER"]
[SourceTitle "CBM 142 Extra"]
[Source "ChessBase"]
[SourceDate "2011.06.27"]
[SourceVersion "1"]
[SourceVersionDate "2011.06.27"]
[SourceQuality "1"]

1. d4 d6 2. Nf3 g6 3. c4 Bg7 4. e4 Nd7 5. Nc3 e5 6. d5 Ne7 7. Be2 0-0 8. Bg5 h6 9. Be3 f5 10. Qc1 f4 11. Bd2 g5 12. h3 Ng6 13. Nh2 Nf6 14. b4 Rf7 15. Qd1 Nh4 16. Rg1 Bf8 17. Ng4 Nxg4 18. Bxg4 Bxg4 19. Qxg4 f3 20. g3 Ng2+ 21. Kd1 Bg7 22. Kc2 c6 23. h4 gxh4 24. Bxh6 Qb6 25. c5 dxc5 26. Bxg7 Rxg7 27. Qe6+ Kh7 28. Qf5+ Kg8 29. Qe6+ 1/2-1/2

[Event "GER-ch U12"]
[Site "Oberhof"]
[Date "2010.05.29"]
[Round "11"]
[White "Sabirov, Ramil"]
[Black "Berkov, Mikhail"]
[Result "1-0"]
[WhiteElo "1584"]
[BlackElo "1840"]
[PlyCount "97"]
[EventDate "2010.05.22"]
[EventType "swiss"]
[EventRounds "11"]
[EventCountry "GER"]
[SourceTitle "CBM 136 Extra"]
[Source "ChessBase"]
[SourceDate "2010.07.02"]
[SourceVersion "2"]
[SourceVersionDate "2010.07.15"]
[SourceQuality "1"]

1. e4 e5 2. Nf3 Nc6 3. Bb5 a6 4. Bxc6 dxc6 5. Nc3 f6 6. d4 exd4 7. Qxd4 Qxd4 8. Nxd4 Bd6 9. Be3 Bd7 10. 0-0-0 0-0-0 11. Nb3 Ne7 12. Nc5 b6 13. Nxd7 Rxd7 14. Rd2 Rhd8 15. Rhd1 Be5 16. Rxd7 Rxd7 17. Rxd7 Kxd7 18. Kd2 g5 19. g3 Ng6 20. b3 h6 21. Ne2 c5 22. Nc3 Bxc3+ 23. Kxc3 Ne5 24. f4 Ng4 25. Bg1 h5 26. h3 Nh6 27. Be3 Nf7 28. Kd3 Kc6 29. Bd2 g4 30. hxg4 hxg4 31. Bc3 f5 32. exf5 Nd6 33. f6 Kd7 34. Be5 Ke6 35. Bxd6 cxd6 36. c4 Kxf6 37. Ke4 Ke6 38. f5+ Kf6 39. Kf4 b5 40. Kxg4 bxc4 41. bxc4 Kf7 42. Kf4 Kf6 43. g4 Kf7 44. g5 Ke7 45. Ke4 Kf7 46. Kd5 Ke7 47. g6 a5 48. g7 Kf7 49. f6 1-0

[Event "GER-ch U12"]
[Site "Oberhof"]
[Date "2010.05.25"]
[Round "5"]
[White "Berkov, Mikhail"]
[Black "Schumann, Rabea"]
[Result "1-0"]
[WhiteElo "1840"]
[BlackElo "1140"]
[PlyCount "65"]
[EventDate "2010.05.22"]
[EventType "swiss"]
[EventRounds "11"]
[EventCountry "GER"]
[SourceTitle "CBM 136 Extra"]
[Source "ChessBase"]
[SourceDate "2010.07.02"]
[SourceVersion "2"]
[SourceVersionDate "2010.07.15"]
[SourceQuality "1"]

1. Nc3 e5 2. Nf3 Nc6 3. d4 exd4 4. Nxd4 d6 5. e4 Nf6 6. Nd5 Be7 7. Bf4 0-0 8. f3 Bd7 9. Qd2 Re8 10. Be2 Nxd5 11. exd5 Ne5 12. 0-0-0 Bf8 13. g4 Qe7 14. h4 f6 15. g5 g6 16. h5 c6 17. c4 c5 18. gxf6 Qxf6 19. Nc2 Rab8 20. Bg5 Qf5 21. f4 Ng4 22. hxg6 Qxg6 23. Bd3 Bf5 24. Bxf5 Qxf5 25. Rh4 Nf6 26. Rg1 Kf7 27. Bxf6 Kxf6 28. Qc3+ Kf7 29. Qg3 Qg6 30. Qh2 Qe4 31. Rxh7+ Kf6 32. Qh4+ Kf5 33. Qg5# 1-0

[Event "Jena Schwarzer Baer op"]
[Site "Jena"]
[Date "2009.02.04"]
[Round "1"]
[White "Berkov, Mikhail"]
[Black "Stridde, Peter"]
[Result "0-1"]
[WhiteElo "1411"]
[BlackElo "2073"]
[PlyCount "118"]
[EventDate "2009.02.04"]
[EventType "swiss"]
[EventRounds "7"]
[EventCountry "GER"]
[SourceTitle "EXT 2010"]
[Source "ChessBase"]
[SourceDate "2010.11.25"]
[SourceVersion "1"]
[SourceVersionDate "2010.11.25"]
[SourceQuality "1"]

1. e4 Nc6 2. d4 d5 3. e5 Bf5 4. Nf3 e6 5. Bd3 Bxd3 6. Qxd3 Be7 7. Bf4 h5 8. c3 Nh6 9. Bxh6 Rxh6 10. Nbd2 Qd7 11. Nb3 0-0-0 12. 0-0-0 Kb8 13. Qb5 Nxe5 14. Qe2 Nxf3 15. Qxf3 Bd6 16. Qd3 Qa4 17. Kb1 Rhh8 18. f4 g6 19. Qh3 Rc8 20. Qh4 Qd7 21. Qg5 Qe7 22. Qxe7 Bxe7 23. Nc5 Bxc5 24. dxc5 c6 25. Rhe1 b6 26. cxb6 axb6 27. Rd4 c5 28. Rd3 Kb7 29. Kc2 Ra8 30. a3 Ra4 31. Rf3 Kc6 32. Kb3 b5 33. Ka2 Rha8 34. Re2 b4 35. cxb4 Rxb4 36. Kb1 Rb6 37. Rc2 Kd6 38. Rfc3 c4 39. Kc1 Rab8 40. Kb1 Rb3 41. Ka2 Kc5 42. Kb1 Rxc3 43. Rxc3 d4 44. b4+ Kd5 45. Rc1 c3 46. Rd1 Kc4 47. Kc2 Ra8 48. b5 Rxa3 49. b6 Ra2+ 50. Kc1 d3 51. Kb1 Rb2+ 52. Ka1 Rxb6 53. h3 Ra6+ 54. Kb1 c2+ 55. Kc1 Kc3 56. Rxd3+ Kxd3 57. Kb2 Rb6+ 58. Ka2 Kc3 59. Ka1 Ra6# 0-1

[Event "GER-chT U14"]
[Site "Verden"]
[Date "2008.12.29"]
[Round "6.4"]
[White "Berkov, Mikhail"]
[Black "Kolb, Niklas"]
[Result "1-0"]
[WhiteElo "1242"]
[BlackElo "1391"]
[PlyCount "93"]
[EventDate "2008.12.27"]
[EventType "team-swiss"]
[EventRounds "7"]
[EventCountry "GER"]
[SourceTitle "EXT 2010"]
[Source "ChessBase"]
[SourceDate "2010.11.25"]
[SourceVersion "1"]
[SourceVersionDate "2010.11.25"]
[SourceQuality "1"]
[WhiteTeam "Jena"]
[BlackTeam "Gruendau"]
[WhiteTeamCountry "GER"]
[BlackTeamCountry "GER"]

1. e4 e5 2. Nf3 Nc6 3. Bb5 a6 4. Ba4 Nf6 5. 0-0 b5 6. Bb3 Bc5 7. d3 0-0 8. Bg5 h6 9. Bh4 d6 10. h3 Be6 11. Nc3 Ne7 12. Bxf6 gxf6 13. Nh4 Kh7 14. Qf3 Bxb3 15. axb3 Ng6 16. Nf5 Rg8 17. Qh5 Qf8 18. Nd5 Nf4 19. Nxf6+ Kh8 20. Qf3 Rg6 21. Ng4 c6 22. Kh2 d5 23. g3 Ne6 24. Nxe5 Ng7 25. Nxg7 Rxg7 26. Nxc6 Qc8 27. Ne5 Qe6 28. Ng4 Bd6 29. exd5 Qg6 30. Rfe1 Qh5 31. Kg2 f5 32. Nf6 Qg5 33. Re8+ Rxe8 34. Nxe8 Rg6 35. Rxa6 Qe7 36. Nxd6 Rxd6 37. Rxd6 Qxd6 38. Qxf5 Qc5 39. Qf6+ Kh7 40. Qc6 Qe7 41. d6 Qf6 42. Qe4+ Kh8 43. Qe8+ Kg7 44. Qe7+ Qxe7 45. dxe7 Kf7 46. Kf3 Kxe7 47. Ke4 1-0

[Event "GER-ch U10"]
[Site "Willingen"]
[Date "2008.05.11"]
[Round "4"]
[White "Berkov, Mikhail"]
[Black "Weis, Olga"]
[Result "1-0"]
[WhiteElo "1402"]
[BlackElo "1027"]
[PlyCount "55"]
[EventDate "2008.05.11"]
[EventType "swiss"]
[EventRounds "11"]
[EventCountry "GER"]
[SourceTitle "CBM 124 Extra"]
[Source "ChessBase"]
[SourceDate "2008.07.03"]
[SourceVersion "1"]
[SourceVersionDate "2008.07.03"]
[SourceQuality "1"]

1. e4 e5 2. Nf3 Nc6 3. Bb5 d6 4. d4 Bd7 5. Nc3 a6 6. Bxc6 bxc6 7. dxe5 dxe5 8. Nxe5 Bd6 9. Nc4 Qe7 10. Nxd6+ cxd6 11. Bf4 d5 12. 0-0 dxe4 13. Re1 Nf6 14. Bg5 0-0 15. Nxe4 Qd8 16. Nxf6+ gxf6 17. Bh6 Re8 18. Qf3 Rxe1+ 19. Rxe1 Qa5 20. Qg3+ Qg5 21. Bxg5 fxg5 22. Qxg5+ Kh8 23. Qf6+ Kg8 24. g4 Be6 25. f4 Bxa2 26. h4 Kf8 27. b3 Re8 28. Re7 1-0

[Event "GER-ch U10"]
[Site "Willingen"]
[Date "2008.05.11"]
[Round "2"]
[White "Janke, Hendrik"]
[Black "Berkov, Mikhail"]
[Result "0-1"]
[WhiteElo "999"]
[BlackElo "1402"]
[PlyCount "64"]
[EventDate "2008.05.11"]
[EventType "swiss"]
[EventRounds "11"]
[EventCountry "GER"]
[SourceTitle "CBM 124 Extra"]
[Source "ChessBase"]
[SourceDate "2008.07.03"]
[SourceVersion "1"]
[SourceVersionDate "2008.07.03"]
[SourceQuality "1"]

1. e4 e5 2. Nf3 Nc6 3. Be2 Nf6 4. Nc3 d6 5. h3 Be7 6. d3 Be6 7. 0-0 h6 8. Be3 Qd7 9. Kh2 Nh7 10. Nd5 f5 11. Nxe7 Nxe7 12. Nh4 Nf6 13. Bh5+ Nxh5 14. Qxh5+ Bf7 15. Qf3 f4 16. Bd2 g5 17. Nf5 Nxf5 18. exf5 c6 19. Qe4 Bd5 20. Qe2 Qxf5 21. Qh5+ Bf7 22. Qf3 0-0-0 23. g4 Qg6 24. Bc3 Bd5 25. Qe2 Rde8 26. Rg1 Rhf8 27. f3 h5 28. gxh5 Qxh5 29. Rgf1 Rh8 30. Qg2 Be6 31. Rh1 Bxh3 32. Qf2 Bf1+ 0-1

[Event "GER-ch U10"]
[Site "Willingen"]
[Date "2008.05.11"]
[Round "8"]
[White "Titgemeyer, Eva Maria"]
[Black "Berkov, Mikhail"]
[Result "1/2-1/2"]
[WhiteElo "1180"]
[BlackElo "1402"]
[PlyCount "43"]
[EventDate "2008.05.11"]
[EventType "swiss"]
[EventRounds "11"]
[EventCountry "GER"]
[SourceTitle "CBM 124 Extra"]
[Source "ChessBase"]
[SourceDate "2008.07.03"]
[SourceVersion "1"]
[SourceVersionDate "2008.07.03"]
[SourceQuality "1"]

1. e4 e5 2. Nf3 Nc6 3. Bc4 Bc5 4. c3 Nf6 5. d4 exd4 6. cxd4 Bb4+ 7. Bd2 Bxd2+ 8. Nbxd2 d5 9. exd5 Nxd5 10. Qb3 Nce7 11. 0-0 0-0 12. Rfe1 Rb8 13. Rac1 h6 14. Qd3 Nf6 15. Bb3 c6 16. Bc2 Bf5 17. Qe3 Ned5 18. Qe5 Bxc2 19. Rxc2 Re8 20. Qg3 Rxe1+ 21. Nxe1 Qc7 22. Qxc7 1/2-1/2

[Event "GER-ch U10"]
[Site "Willingen"]
[Date "2007.06.01"]
[Round "10"]
[White "Nitzsche, Pia"]
[Black "Berkov, Mikhail"]
[Result "0-1"]
[WhiteElo "1069"]
[BlackElo "1250"]
[PlyCount "68"]
[EventDate "2007.05.26"]
[EventType "swiss"]
[EventRounds "11"]
[EventCountry "GER"]
[SourceTitle "CBM 118 Extra"]
[Source "ChessBase"]
[SourceDate "2007.07.04"]
[SourceVersion "1"]
[SourceVersionDate "2007.07.04"]
[SourceQuality "1"]

1. e4 e5 2. Nf3 Nc6 3. Bc4 Bc5 4. b4 Bxb4 5. c3 Ba5 6. d4 d6 7. 0-0 Bb6 8. Ng5 Nh6 9. Nf3 Na5 10. Bd3 Bg4 11. h3 Bxf3 12. Qxf3 exd4 13. Bxh6 gxh6 14. Qh5 Qf6 15. Nd2 dxc3 16. Nf3 Qg6 17. Qh4 Rg8 18. g3 f6 19. Rfe1 Qg7 20. Qf4 0-0-0 21. Rab1 Kb8 22. Nh4 Qg5 23. Qxg5 hxg5 24. Nf5 Rde8 25. Rbc1 Nc6 26. Rxc3 Ba5 27. Rb1 Bxc3 28. Ba6 Na5 29. Ne3 b6 30. Nd5 Be5 31. Kf1 c6 32. Ne3 Bd4 33. Nf5 Bc5 34. Rd1 Rxe4 0-1

[Event "GER-ch U10"]
[Site "Willingen"]
[Date "2007.05.29"]
[Round "6"]
[White "Berkov, Mikhail"]
[Black "Heidelberger, Colin"]
[Result "1/2-1/2"]
[WhiteElo "1250"]
[BlackElo "1415"]
[PlyCount "117"]
[EventDate "2007.05.26"]
[EventType "swiss"]
[EventRounds "11"]
[EventCountry "GER"]
[SourceTitle "CBM 118 Extra"]
[Source "ChessBase"]
[SourceDate "2007.07.04"]
[SourceVersion "1"]
[SourceVersionDate "2007.07.04"]
[SourceQuality "1"]

1. e4 e6 2. d4 d5 3. exd5 exd5 4. c4 c6 5. cxd5 cxd5 6. Nc3 Nf6 7. Nf3 Nc6 8. Bb5 Bd6 9. Bg5 a6 10. Ba4 Be6 11. Bb3 Be7 12. h3 0-0 13. Ne5 Qb6 14. Be3 Rfd8 15. 0-0 Na5 16. Na4 Qb5 17. Nc3 Qb4 18. Nd3 Qb6 19. Na4 Qc7 20. Rc1 Nc6 21. Ne5 Rac8 22. Bf4 Bd6 23. f3 Qe7 24. Nb6 Rc7 25. Nxc6 Rxc6 26. Rxc6 bxc6 27. Bxd6 Qxd6 28. Na4 Qg3 29. Qe1 Qg6 30. Kh2 Re8 31. Qg3 Qd3 32. Rd1 Qe2 33. Re1 Qd2 34. Rd1 Qb4 35. Qe1 Qb8+ 36. Qg3 Qb5 37. Nc3 Qb4 38. h4 Nh5 39. Qg5 Qd6+ 40. g3 Nf6 41. Qe5 Qd7 42. Qg5 h6 43. Qd2 Qd6 44. Qg2 Nh5 45. Bc2 Qb4 46. a3 Qb8 47. Na4 Kh8 48. b4 Nf6 49. Nc5 Qb6 50. Qd2 Nd7 51. Qd3 Nf6 52. Nxa6 Ra8 53. Nc5 Bc8 54. Ba4 Ba6 55. Nxa6 Rxa6 56. Bc2 Qa7 57. Ra1 Qb7 58. Re1 Qa8 59. Re3 1/2-1/2

[Event "GER-ch U10"]
[Site "Willingen"]
[Date "2007.05.27"]
[Round "2"]
[White "Berkov, Mikhail"]
[Black "Nobis, Anna"]
[Result "0-1"]
[WhiteElo "1250"]
[BlackElo "969"]
[PlyCount "30"]
[EventDate "2007.05.26"]
[EventType "swiss"]
[EventRounds "11"]
[EventCountry "GER"]
[SourceTitle "CBM 118 Extra"]
[Source "ChessBase"]
[SourceDate "2007.07.04"]
[SourceVersion "1"]
[SourceVersionDate "2007.07.04"]
[SourceQuality "1"]

1. e4 c5 2. Nf3 Nc6 3. d4 cxd4 4. Nxd4 Nf6 5. Nc3 d6 6. Bc4 Qa5 7. 0-0 Qb4 8. Bb5 g6 9. Nxc6 bxc6 10. Bxc6+ Bd7 11. Bxa8 Bg7 12. a3 Qc5 13. Be3 Qe5 14. Bxa7 Ng4 15. Bc6 Qxh2# 0-1